[Event "CN Seniori 2012"]
[Site "Sarata Monteoru/Romania"]
[Date "2012.02.14"]
[Round "2.33"]
[White "Toma, Radu-Cristian"]
[Black "Mirauta, Stefano-Marius"]
[Result "1/2-1/2"]
[WhiteElo "2052"]
[BlackElo "1823"]
[PlyCount "133"]
[EventDate "2012.??.??"]

1. e4 c5 2. Nf3 Nc6 3. d4 cxd4 4. Nxd4 e5 5. Nb5 d6 6. N1c3 a6 7. Na3 Be6 8. g3
Be7 9. Bg2 Nf6 10. O-O O-O 11. Bg5 Qc7 12. Bxf6 Bxf6 13. Nd5 Bxd5 14. Qxd5 Rfd8
15. c3 b5 16. Nc2 Ne7 17. Qb3 Qc5 18. Rfd1 a5 19. h4 a4 20. Qa3 Rac8 21. Rd2
Qxa3 22. Nxa3 Rb8 23. Rad1 Nc8 24. Nc2 Be7 25. Nb4 Na7 26. a3 f6 27. Bh3 Kf7
28. Rd5 Rb6 29. f3 Rdb8 30. Bf1 g6 31. Kf2 Rc8 32. Ke3 h6 33. R5d2 Bf8 34. Rd5
Be7 35. f4 Rcb8 36. Be2 Kg7 37. Rc1 Rc8 38. c4 bxc4 39. Rxc4 Rxc4 40. Bxc4 g5
41. Ra5 Nc6 42. Nxc6 Rxc6 43. Rxa4 exf4+ 44. gxf4 gxh4 45. b3 Rc7 46. Ra5 Kg6
47. Kf3 h5 48. Kg2 Bf8 49. a4 Bh6 50. Rf5 Rc5 51. Rxc5 dxc5 52. Kf3 h3 53. Bf1
h2 54. Bg2 Bf8 55. a5 Bd6 56. a6 Bb8 57. Ke3 Kf7 58. Kd3 Ke7 59. Kc4 Kd6 60.
Kb5 Ba7 61. Kc4 h4 62. Kd3 Bb8 63. Ke3 Kc7 64. e5 fxe5 65. f5 Kb6 66. Ke4 Bd6
67. Kd5 1/2-1/2

[Event "CN Seniori 2012"]
[Site "Sarata Monteoru/Romania"]
[Date "2012.02.14"]
[Round "2.35"]
[White "Anuta, Elefterie-Laurentiu"]
[Black "Gavrilescu, David"]
[Result "1/2-1/2"]
[WhiteElo "2017"]
[BlackElo "1800"]
[PlyCount "163"]
[EventDate "2012.??.??"]

1. d4 d5 2. Nf3 c5 3. c3 e6 4. Bg5 Be7 5. Bxe7 Nxe7 6. e3 cxd4 7. exd4 Nbc6 8.
Bd3 O-O 9. Ng5 Ng6 10. h4 e5 11. Nxh7 e4 12. Nxf8 Nf4 13. Bf1 Kxf8 14. g3 Ng6
15. h5 Nge7 16. h6 gxh6 17. Rxh6 Kg7 18. Qh5 Bf5 19. Qg5+ Bg6 20. Rh2 Qb6 21.
Qh6+ Kf6 22. b4 Nf5 23. Qf4 Ncxd4 24. Nd2 Nc2+ 25. Kd1 Nxa1 26. g4 Qd6 27.
Qxd6+ Nxd6 28. f4 Nc2 29. Kxc2 e3+ 30. f5 Nxf5 31. gxf5 Bxf5+ 32. Bd3 Bxd3+ 33.
Kxd3 exd2 34. Rxd2 Re8 35. Kd4 Rd8 36. Re2 Rd7 37. a4 Kg5 38. Rg2+ Kf4 39. Rf2+
Kg4 40. Rg2+ Kf3 41. Rg5 Kf4 42. Rg7 Kf5 43. a5 Ke6 44. Rh7 Rc7 45. Rh5 Rc4+
46. Kd3 Rf4 47. Rh8 Kd7 48. Rb8 Kc7 49. Re8 f6 50. Re7+ Kc6 51. a6 bxa6 52.
Rxa7 Kb6 53. Rd7 Kc6 54. Rd8 Rf3+ 55. Kd4 Rf4+ 56. Ke3 Re4+ 57. Kd3 f5 58. Rc8+
Kd6 59. Ra8 f4 60. Rxa6+ Ke5 61. Ra8 f3 62. Re8+ Kf4 63. Rg8 f2 64. Rf8+ Kg3
65. b5 Re1 66. Kd4 Re4+ 67. Kd3 Kg2 68. b6 f1=Q+ 69. Rxf1 Kxf1 70. b7 Re8 71.
Kd4 Rb8 72. Kxd5 Rxb7 73. c4 Ke2 74. c5 Kd3 75. c6 Rg7 76. Kd6 Kc4 77. c7 Rg6+
78. Kd7 Rg7+ 79. Kc6 Rg5 80. c8=Q Rc5+ 81. Kb7 Rxc8 82. Kxc8 1/2-1/2

[Event "CN Seniori 2012"]
[Site "Sarata Monteoru/Romania"]
[Date "2012.02.14"]
[Round "2.36"]
[White "Patrascu, Catalin-Lucian"]
[Black "Jugaru, Lucian"]
[Result "0-1"]
[WhiteElo "1816"]
[BlackElo "2013"]
[PlyCount "102"]
[EventDate "2012.??.??"]

1. e4 c5 2. Nf3 d6 3. d4 cxd4 4. Nxd4 Nf6 5. Nc3 a6 6. Be2 e6 7. O-O Nbd7 8.
Be3 b5 9. Bf3 Bb7 10. a3 Qc7 11. Re1 Be7 12. Nb3 O-O 13. Qe2 Ne5 14. Bf4 Nc4
15. Ra2 Rfe8 16. Nd2 Nd7 17. Nxc4 bxc4 18. Qd2 Nc5 19. Rd1 Red8 20. Qe2 Nd7 21.
Qd2 Nc5 22. Qe2 Nd7 23. Qd2 Nf8 24. a4 Rab8 25. a5 Bc6 26. Be2 Be8 27. Be3 Nd7
28. Ra4 Rxb2 29. Bxc4 Ne5 30. Bb3 Rc8 31. Bd4 Bxa4 32. Nxa4 Rxc2 33. Bxc2 Qxc2
34. Qxc2 Rxc2 35. Nb6 Nc6 36. Be3 Nxa5 37. Ra1 Rb2 38. g3 Rb5 39. Rc1 h5 40.
Rc8+ Kh7 41. Ra8 Rb1+ 42. Kg2 Nb3 43. Rxa6 Nc5 44. Ra7 Rxb6 45. Rxe7 Rb7 46.
Rxb7 Nxb7 47. Kf3 f5 48. exf5 exf5 49. Kf4 Kg6 50. Bb6 Nc5 51. Bc7 Ne6+ 0-1

[Event "CN Seniori 2012"]
[Site "Sarata Monteoru/Romania"]
[Date "2012.02.14"]
[Round "2.37"]
[White "Adoamnei, Roxana"]
[Black "Coman, Liviu"]
[Result "1/2-1/2"]
[WhiteElo "2005"]
[BlackElo "1794"]
[PlyCount "120"]
[EventDate "2012.??.??"]

1. d4 Nf6 2. Nf3 h6 3. e3 g5 4. Bd3 Bg7 5. b3 g4 6. Nh4 d5 7. Nd2 e5 8. Nf5
Bxf5 9. Bxf5 exd4 10. exd4 Qe7+ 11. Qe2 Qxe2+ 12. Kxe2 Nc6 13. c3 Ne7 14. Bd3
O-O-O 15. Ba3 Rde8 16. Rae1 Ng6+ 17. Kd1 Nf4 18. Bf5+ Kd8 19. g3 Nh3 20. Rhf1
Rxe1+ 21. Kxe1 Re8+ 22. Kd1 h5 23. f3 Ng5 24. fxg4 hxg4 25. Re1 Rxe1+ 26. Kxe1
Bh6 27. Ke2 b6 28. c4 Ne6 29. Bb2 c6 30. a4 Ng7 31. Bd3 Ne6 32. Nf1 Ke7 33. Ne3
Bxe3 34. Kxe3 Nh5 35. Bf5 Nf6 36. Ba3+ Kd7 37. h4 gxh3 38. Bxh3 Ne4 39. g4 N6g5
40. Bf1 Ke6 41. cxd5+ cxd5 42. Ba6 Nd6 43. Bb4 Nge4 44. Kf4 f6 45. Be1 Ng5 46.
Be2 Nde4 47. a5 bxa5 48. Bxa5 Nd6 49. Bb4 Nge4 50. Ba6 Kd7 51. Bc5 Nxc5 52.
dxc5 Ne4 53. b4 Kc6 54. Kf5 Nf2 55. Kxf6 Nxg4+ 56. Ke6 Ne3 57. Bd3 a5 58. bxa5
Kxc5 59. a6 Kb6 60. Kd6 Nc4+ 1/2-1/2

[Event "CN Seniori 2012"]
[Site "Sarata Monteoru/Romania"]
[Date "2012.02.14"]
[Round "2.38"]
[White "Olinici, Emanuel"]
[Black "Gheorghiu, Calin"]
[Result "1-0"]
[WhiteElo "1794"]
[BlackElo "2003"]
[PlyCount "59"]
[EventDate "2012.??.??"]

1. g3 Nf6 2. Bg2 c5 3. Nf3 g6 4. d4 cxd4 5. Nxd4 Bg7 6. c4 O-O 7. O-O d6 8. Nc3
a6 9. e4 Qc7 10. Qd3 Nbd7 11. b3 Ne5 12. Qe2 Bd7 13. Bg5 Nc6 14. Nxc6 Bxc6 15.
Rad1 b5 16. cxb5 axb5 17. Nxb5 Bxb5 18. Qxb5 Rxa2 19. Rc1 Qa7 20. Be3 Qb8 21.
Qxb8 Rxb8 22. Rc7 Kf8 23. Rfc1 Ke8 24. e5 dxe5 25. Bc6+ Kd8 26. Ba4 e4 27. Ba7
Ra8 28. Bb6 R8xa4 29. Ra7+ Ke8 30. Rc8# 1-0

[Event "CN Seniori 2012"]
[Site "Sarata Monteoru/Romania"]
[Date "2012.02.14"]
[Round "2.39"]
[White "Acsinte, Matei-Ionut"]
[Black "Vacar, Gligore"]
[Result "1-0"]
[WhiteElo "1997"]
[BlackElo "1788"]
[PlyCount "133"]
[EventDate "2012.??.??"]

1. e4 c5 2. Nc3 e6 3. g4 Nc6 4. Bg2 a6 5. a4 Nf6 6. g5 Ng8 7. d3 Bd6 8. Be3 Qc7
9. Nge2 b6 10. a5 b5 11. f4 Rb8 12. O-O Bf8 13. f5 d6 14. Ng3 Bd7 15. Bh3 Nd4
16. Nce2 Nc6 17. Nf4 Qc8 18. Qh5 Nd8 19. g6 Nf6 20. gxf7+ Nxf7 21. fxe6 Bxe6
22. Qh4 Bxh3 23. Nxh3 Qg4 24. Qxg4 Nxg4 25. Bf4 Be7 26. Nf5 g6 27. Nxe7 Kxe7
28. Ng5 Nxg5 29. Bxg5+ Ke6 30. Rf4 Ne5 31. Rf6+ Kd7 32. Raf1 h6 33. Bf4 Rbe8
34. Bxe5 Rxe5 35. Rxg6 Rg5+ 36. Rxg5 hxg5 37. Rf7+ Ke6 38. Ra7 Ke5 39. Rxa6 c4
40. Rb6 cxd3 41. Rxb5+ Kxe4 42. cxd3+ Kxd3 43. Rd5+ Kc2 44. b4 Kc3 45. b5 Kc4
46. Rxg5 d5 47. b6 Rb8 48. h4 d4 49. h5 d3 50. Rg2 Kb5 51. Ra2 d2 52. Rxd2 Kxa5
53. Ra2+ Kb5 54. Rb2+ Ka6 55. h6 Kb7 56. Rg2 Rh8 57. Rg6 Ka6 58. Kg2 Kb7 59.
Kg3 Ka6 60. Kg4 Kb7 61. Kg5 Rd8 62. h7 Rd5+ 63. Kf6 Rd3 64. Kg7 Rd7+ 65. Kh8
Rd8+ 66. Rg8 Rd6 67. Kg7 1-0

[Event "CN Seniori 2012"]
[Site "Sarata Monteoru/Romania"]
[Date "2012.02.14"]
[Round "2.40"]
[White "Andrei, Gheorghe"]
[Black "Ursan, Cornel-Marius"]
[Result "0-1"]
[WhiteElo "1777"]
[BlackElo "1990"]
[PlyCount "63"]
[EventDate "2012.??.??"]

1. e4 e5 2. Nf3 Nc6 3. Be2 Nf6 4. d3 d6 5. O-O Be7 6. h3 O-O 7. Nc3 h6 8. a3
Be6 9. Be3 d5 10. Bd2 Qd7 11. Qc1 Rfd8 12. Re1 d4 13. Nb1 Nh7 14. Bf1 Bd6 15.
Nxe5 Bxe5 16. f4 Bd6 17. f5 Bxf5 18. exf5 Qxf5 19. Re2 Re8 20. Rf2 Qg6 21. Bf4
Ne5 22. Kh1 Nf6 23. Nd2 Nd5 24. Ne4 Nxf4 25. Nxd6 Nexd3 26. cxd3 Qxd6 27. Qxf4
Re6 28. Qd2 Rae8 29. Rc1 c6 30. Be2 Rf6 31. Rcf1 Rxf2 32. Rxf2 {.....0-1 la
mutarea 60} 0-1

[Event "CN Seniori 2012"]
[Site "Sarata Monteoru/Romania"]
[Date "2012.02.14"]
[Round "2.41"]
[White "Mongescu, Lucian"]
[Black "Baciu, Radu-George"]
[Result "1-0"]
[WhiteElo "1984"]
[BlackElo "1767"]
[PlyCount "89"]
[EventDate "2012.??.??"]

1. e4 e5 2. Nf3 Nc6 3. Bb5 d6 4. c3 Bd7 5. d3 g6 6. Bg5 Qc8 7. Nbd2 Bg7 8. O-O
Nge7 9. Rc1 O-O 10. Re1 a6 11. Ba4 f5 12. d4 fxe4 13. Nxe4 d5 14. Nxe5 Bxe5 15.
dxe5 dxe4 16. Bxe7 Bg4 17. Qb3+ Be6 18. Qa3 Nxe7 19. Qxe7 Rf7 20. Qh4 Qf8 21.
Rxe4 Rd8 22. Rd1 Rxd1+ 23. Bxd1 Rd7 24. Rd4 Bd5 25. Rxd5 Rxd5 26. Bb3 Qf7 27.
Qe4 c6 28. e6 Qf5 29. Qxf5 gxf5 30. Bxd5 cxd5 31. f4 Kf8 32. Kf2 Ke7 33. Ke3
Kxe6 34. Kd4 Kd6 35. h3 h5 36. h4 b6 37. a4 Ke6 38. a5 bxa5 39. Kc5 a4 40. Kc6
a5 41. g3 Ke7 42. Kxd5 Kd7 43. c4 Kc7 44. Kc5 Kd7 45. Kb5 1-0

[Event "CN Seniori 2012"]
[Site "Sarata Monteoru/Romania"]
[Date "2012.02.14"]
[Round "2.42"]
[White "Rusu, Vasile"]
[Black "Lupascu, Matei-Alexandru"]
[Result "0-1"]
[WhiteElo "1760"]
[BlackElo "1979"]
[PlyCount "89"]
[EventDate "2012.??.??"]

1. d4 Nf6 2. c4 g6 3. Nc3 Bg7 4. e4 d6 5. Bg5 O-O 6. Qd2 Nbd7 7. Bh6 e5 8. Bxg7
Kxg7 9. d5 Nc5 10. f3 Nh5 11. Nge2 f5 12. b4 Nd7 13. O-O-O f4 14. Qe1 a6 15. a4
Qe8 16. Kb2 Qe7 17. Nc1 Rb8 18. Bd3 c6 19. Qf2 Rf7 20. Nb3 Nf8 21. Rd2 b5 22.
cxb5 cxb5 23. a5 Bb7 24. Rc2 Qd7 25. Rhc1 Nf6 26. Bf1 Kh8 27. Ne2 Qd8 28. Ng1
g5 29. Nd2 Rg7 30. g3 fxg3 31. hxg3 g4 32. f4 exf4 33. Qxf4 Ng6 34. Qh6 Ne5 35.
Rc3 Rg6 36. Qe3 Ne8 37. Ne2 Qg5 38. Qxg5 Rxg5 39. Bg2 Rh5 40. Rh1 Nf6 41. Nf4
Rxh1 42. Bxh1 Rc8 43. Rxc8+ Bxc8 44. Kc3 Kg7 45. Kd4 0-1

[Event "CN Seniori 2012"]
[Site "Sarata Monteoru/Romania"]
[Date "2012.02.14"]
[Round "2.43"]
[White "David, Alexandru-Vasile"]
[Black "David, Dorian-Ciprian"]
[Result "1-0"]
[WhiteElo "1968"]
[BlackElo "1726"]
[PlyCount "55"]
[EventDate "2012.??.??"]

1. d4 b5 2. e4 a6 3. Bd3 Bb7 4. Nf3 e6 5. O-O Nf6 6. Nbd2 c5 7. dxc5 Bxc5 8. a4
b4 9. e5 Nd5 10. Ne4 d6 11. Nxc5 dxc5 12. Re1 Nc6 13. Nd2 Nd4 14. Ne4 O-O 15.
Nxc5 Bc6 16. Qg4 Ne7 17. Bg5 Ndf5 18. Rad1 Qb6 19. Ne4 Ng6 20. h4 Bxe4 21. Rxe4
h5 22. Qf3 Nxe5 23. Rxe5 f6 24. Rxf5 exf5 25. Bc4+ Rf7 26. Qxa8+ Kh7 27. Bxf7
fxg5 28. Qg8+ 1-0

[Event "CN Seniori 2012"]
[Site "Sarata Monteoru/Romania"]
[Date "2012.02.14"]
[Round "2.44"]
[White "Mihalea, Stefan"]
[Black "Toma, Mihail"]
[Result "1/2-1/2"]
[WhiteElo "1723"]
[BlackElo "1964"]
[PlyCount "118"]
[EventDate "2012.??.??"]

1. c4 c5 2. Nc3 Nc6 3. Nf3 e5 4. d3 g6 5. b3 Bg7 6. Bb2 d6 7. e3 Nge7 8. Nd5
O-O 9. e4 a5 10. Be2 Bd7 11. O-O Nxd5 12. cxd5 Nd4 13. Ba3 b5 14. Nxd4 exd4 15.
f4 Qb6 16. Rb1 b4 17. Bc1 f5 18. exf5 Bxf5 19. Bg4 a4 20. Bxf5 Rxf5 21. Qf3
axb3 22. axb3 Ra2 23. Re1 Rf8 24. Qe4 Qa6 25. Bb2 Qc8 26. Qe7 Qd8 27. Qe6+ Kh8
28. g3 Rf6 29. Qe2 Rf8 30. Ra1 Rxa1 31. Rxa1 Re8 32. Qg4 Qe7 33. Qe6 Qd8 34.
Qf7 Qe7 35. Qxe7 Rxe7 36. Ra8+ Bf8 37. Rxf8+ Kg7 38. Rd8 Re2 39. Bxd4+ cxd4 40.
Rxd6 Rb2 41. Rb6 Rxb3 42. Kf2 Rxd3 43. Rxb4 Rd2+ 44. Kf3 Rxh2 45. Rxd4 Kf7 46.
d6 Ke8 47. Ke4 Kd7 48. Ke5 Rh5+ 49. Kf6 Rf5+ 50. Kg7 Rh5 51. g4 Rh4 52. g5 Rh1
53. Rd5 Rh2 54. Kg8 Rh4 55. f5 gxf5 56. Rxf5 Kxd6 57. Rf6+ Ke5 58. Rf7 Rg4 59.
Rg7 Kf5 1/2-1/2

[Event "CN Seniori 2012"]
[Site "Sarata Monteoru/Romania"]
[Date "2012.02.14"]
[Round "2.45"]
[White "Fugulyan, Grigore"]
[Black "Ciortan, Mihail"]
[Result "1-0"]
[WhiteElo "1958"]
[BlackElo "1721"]
[PlyCount "120"]
[EventDate "2012.??.??"]

1. d4 d6 2. c4 f5 3. g3 Nf6 4. Bg2 g6 5. Nc3 c6 6. e4 fxe4 7. Nxe4 Na6 8. Ne2
Bg7 9. O-O O-O 10. N2c3 Nc7 11. d5 cxd5 12. Nxf6+ Bxf6 13. Nxd5 Nxd5 14. Qxd5+
Kg7 15. Re1 Rb8 16. Bg5 Bd7 17. Bxf6+ Rxf6 18. Qd4 b6 19. Re3 e5 20. Qd2 Qc7
21. b3 Bc6 22. Bxc6 Qxc6 23. Rd1 Rbf8 24. Re2 Qf3 25. Qd3 Qxd3 26. Rxd3 Kf7 27.
Rd5 Rc8 28. Kf1 Re6 29. Red2 Ke7 30. Ke2 Rf8 31. a4 Ref6 32. Ke1 Rc8 33. a5 Rc6
34. Ra2 Ke6 35. Ke2 Rf7 36. Kd3 Rc5 37. axb6 axb6 38. Ke4 Rb7 39. Rad2 Rc6 40.
Rb5 Rc5 41. Rd5 Rc8 42. Rd3 Rc5 43. Rd5 Rc8 44. Rb4 Rc5 45. Ra4 Rc8 46. h4 h5
47. Ra2 Rcb8 48. Rad2 Rd7 49. f4 exf4 50. gxf4 Rf8 51. Rg2 Rf6 52. Rb5 Rb7 53.
Rxg6 Rxg6 54. f5+ Kf6 55. fxg6 Kxg6 56. Kd5 Kf5 57. Kc6+ Kg4 58. Kxb7 Kxh4 59.
Kxb6 Kg4 60. Rxh5 Kxh5 1-0

[Event "CN Seniori 2012"]
[Site "Sarata Monteoru/Romania"]
[Date "2012.02.14"]
[Round "2.48"]
[White "Arghirescu, Marius"]
[Black "Baciu, Alexandru"]
[Result "1/2-1/2"]
[WhiteElo "1921"]
[BlackElo "1688"]
[PlyCount "134"]
[EventDate "2012.??.??"]

1. e4 c5 2. Nf3 e6 3. c4 a6 4. Nc3 Qc7 5. Be2 d6 6. d4 cxd4 7. Nxd4 Nf6 8. Be3
Be7 9. Rc1 Nbd7 10. f3 O-O 11. Qd2 b6 12. O-O Bb7 13. Rfd1 Rac8 14. b3 Rfd8 15.
Na4 Nc5 16. Nb2 Qb8 17. b4 Ncd7 18. Na4 Bf8 19. a3 d5 20. cxd5 exd5 21. Bf4 Bd6
22. Rxc8 Rxc8 23. Bxd6 Qxd6 24. Nf5 Qe5 25. Qg5 g6 26. Nxb6 Rc2 27. Nxd7 Nxd7
28. Qd8+ Nf8 29. Nd4 Ra2 30. Qb6 Bc8 31. Qc6 Bd7 32. Qxd5 Qxd5 33. exd5 Rxa3
34. Nc6 Ra2 35. Kf1 g5 36. Ne5 Ra4 37. Rb1 Bf5 38. Rb2 Nd7 39. Nc6 Kf8 40. Nd4
Bg6 41. d6 Ne5 42. Rb3 a5 43. Re3 Rxb4 44. Rxe5 Rxd4 45. Rxa5 Rxd6 46. Rxg5 Ke7
47. g4 h6 48. Rc5 Bd3 49. h4 Bxe2+ 50. Kxe2 Re6+ 51. Kf2 Ra6 52. Kg3 Kf6 53.
Rb5 Kg7 54. Kf4 Rf6+ 55. Rf5 Ra6 56. Rc5 Rf6+ 57. Ke4 Re6+ 58. Re5 Ra6 59. f4
Ra4+ 60. Kf5 Ra1 61. Rb5 Ra6 62. g5 Rc6 63. Rb7 Rc5+ 64. Kg4 Rc6 65. Kh5 Ra6
66. f5 hxg5 67. hxg5 Rc6 1/2-1/2

[Event "CN Seniori 2012"]
[Site "Sarata Monteoru/Romania"]
[Date "2012.02.14"]
[Round "2.50"]
[White "Stoicescu, Horia"]
[Black "Rosca, Grigore"]
[Result "1-0"]
[WhiteElo "1909"]
[BlackElo "1668"]
[PlyCount "65"]
[EventDate "2012.??.??"]

1. e4 e6 2. d4 d5 3. e5 c5 4. c3 Qb6 5. Nf3 Nc6 6. a3 c4 7. Be2 Na5 8. Nbd2 Ne7
9. O-O Ng6 10. g3 Bd7 11. h4 O-O-O 12. h5 Ne7 13. Ng5 Be8 14. Qc2 f6 15. Nxh7
fxe5 16. dxe5 Nf5 17. Bg4 Nxg3 18. Nxf8 Rxf8 19. Nf3 Bxh5 20. Be3 Qa6 21. fxg3
Bxg4 22. Nd4 Nc6 23. Nxc6 Qxc6 24. Rxf8 Rxf8 25. Rf1 Bf5 26. Qf2 Rh8 27. Bd4
Be4 28. Qf7 Rh1+ 29. Kf2 Rxf1+ 30. Kxf1 Qd7 31. Qf8+ Kc7 32. Bxa7 Kc6 33. Qc5#
1-0

[Event "CN Seniori 2012"]
[Site "Sarata Monteoru/Romania"]
[Date "2012.02.14"]
[Round "2.51"]
[White "Zlatea, Cezar-Stelian"]
[Black "Scripcaru, George-Daniel"]
[Result "0-1"]
[WhiteElo "1679"]
[BlackElo "1907"]
[PlyCount "82"]
[EventDate "2012.??.??"]

1. e4 Nf6 2. e5 Nd5 3. c4 Nb6 4. d4 d6 5. Nf3 Bg4 6. Be2 dxe5 7. dxe5 Qxd1+ 8.
Kxd1 Nc6 9. Nbd2 O-O-O 10. Ke1 e6 11. a3 Bc5 12. b3 Bxf3 13. Nxf3 Nd4 14. Rb1
a5 15. Nxd4 Bxd4 16. Bb2 c5 17. Bxd4 Rxd4 18. g3 Rhd8 19. Rd1 a4 20. b4 cxb4
21. axb4 Rxd1+ 22. Bxd1 a3 23. Bb3 Rd4 24. Ke2 Nxc4 25. Rc1 b5 26. f4 Kb7 27.
Ra1 Rd2+ 28. Kf1 Rxh2 29. Kg1 Rb2 30. Bxc4 bxc4 31. Rxa3 Rxb4 32. Rc3 Kc6 33.
g4 Kc5 34. Rc1 Rb3 35. Kf2 Kd4 36. Ke2 Rb2+ 37. Kf3 c3 38. f5 c2 39. Ke2 Kc3
40. fxe6 fxe6 41. Ke3 Rb1 0-1

[Event "CN Seniori 2012"]
[Site "Sarata Monteoru/Romania"]
[Date "2012.02.14"]
[Round "2.52"]
[White "Rusa, Antonio"]
[Black "David, Bogdan-Emanuel"]
[Result "1/2-1/2"]
[WhiteElo "1902"]
[BlackElo "1667"]
[PlyCount "48"]
[EventDate "2012.??.??"]

1. d4 Nf6 2. c4 g6 3. Nc3 Bg7 4. Nf3 d6 5. e4 O-O 6. Be2 e5 7. dxe5 dxe5 8.
Qxd8 Rxd8 9. Bg5 Re8 10. Nd5 Nxd5 11. cxd5 h6 12. Be7 f5 13. Nd2 f4 14. Bc5 b6
15. Ba3 Bb7 16. Bc4 Kh8 17. Rc1 c6 18. dxc6 Nxc6 19. Bf7 Rec8 20. Be6 Rd8 21.
Bd5 Rac8 22. Be6 Rb8 23. Nb3 a5 24. Bd5 Nb4 1/2-1/2

[Event "CN Seniori 2012"]
[Site "Sarata Monteoru/Romania"]
[Date "2012.02.14"]
[Round "2.53"]
[White "Soare, Flavius-Alexandru"]
[Black "Motounu, Vlad-Stefan"]
[Result "0-1"]
[WhiteElo "1668"]
[BlackElo "1888"]
[PlyCount "100"]
[EventDate "2012.??.??"]

1. d4 Nf6 2. c4 g6 3. Nf3 Bg7 4. Nc3 O-O 5. e4 d6 6. Bd3 Nbd7 7. Bg5 c6 8. Qd2
Re8 9. Bh6 e5 10. Bxg7 Kxg7 11. d5 Nc5 12. h3 a5 13. O-O Nh5 14. Bc2 h6 15.
Rfe1 Nf4 16. Ne2 g5 17. Nxf4 gxf4 18. Nh2 Rg8 19. Qe2 Qg5 20. Qf3 Kh8 21. Bd1
Bd7 22. Kh1 Rg6 23. Rg1 Rag8 24. g4 Qh4 25. Be2 Na6 26. Qg2 Qd8 27. f3 Nb4 28.
Qf2 Nc2 29. Rac1 Nd4 30. b3 Qb6 31. Bf1 Qd8 32. Bg2 c5 33. Nf1 b5 34. Nd2 R8g7
35. Kh2 h5 36. Rh1 f5 37. exf5 Nxf5 38. Ne4 Ne3 39. Kg1 Kg8 40. g5 Rxg5 41.
Nxg5 Rxg5 42. Rh2 Rg3 43. Kh1 Qh4 44. Rg1 Kf7 45. Bf1 b4 46. Rxg3 fxg3 47. Qxe3
gxh2 48. Kxh2 Qf4+ 49. Qxf4+ exf4 50. h4 Bf5 0-1

[Event "CN Seniori 2012"]
[Site "Sarata Monteoru/Romania"]
[Date "2012.02.14"]
[Round "2.54"]
[White "Morea, Georgiana-Steluta"]
[Black "Soare, Cristel"]
[Result "1-0"]
[WhiteElo "1882"]
[BlackElo "1519"]
[PlyCount "35"]
[EventDate "2012.??.??"]

1. d4 d5 2. c4 c6 3. Nc3 e6 4. Nf3 Nd7 5. Bf4 Ngf6 6. e3 Qa5 7. a3 c5 8. Nd2
cxd4 9. exd4 Be7 10. b4 Qb6 11. c5 Qd8 12. Nb5 O-O 13. Bc7 Qe8 14. Nd6 Bxd6 15.
Bxd6 b6 16. c6 Nb8 17. b5 a6 18. a4 1-0

[Event "CN Seniori 2012"]
[Site "Sarata Monteoru/Romania"]
[Date "2012.02.14"]
[Round "2.55"]
[White "Chivulescu, Adrian-Alexandru"]
[Black "Iordachescu, Sorin-Emanuel"]
[Result "0-1"]
[WhiteElo "1545"]
[BlackElo "1876"]
[PlyCount "86"]
[EventDate "2012.??.??"]

1. e4 d6 2. d4 Nf6 3. Nc3 g6 4. f4 Bg7 5. Nf3 c5 6. Bb5+ Bd7 7. e5 Ng4 8. e6
Bxb5 9. exf7+ Kf8 10. Nxb5 Qa5+ 11. Nc3 Nh6 12. O-O Nf5 13. Ne2 cxd4 14. Nexd4
Nxd4 15. Nxd4 Kxf7 16. c3 Nc6 17. Be3 Nxd4 18. Bxd4 Bxd4+ 19. Qxd4 Qc5 20. Qxc5
dxc5 21. Rad1 Rad8 22. g3 Rd6 23. Kf2 Rhd8 24. Rxd6 exd6 25. Rd1 Ke6 26. c4 d5
27. Re1+ Kf6 28. Rd1 d4 29. Ke2 Re8+ 30. Kf2 Kf5 31. Rd3 Kg4 32. Kf1 Re7 33.
Rd2 Re3 34. Kg2 Kf5 35. Kf2 Ke4 36. Re2 Kd3 37. Rxe3+ dxe3+ 38. Ke1 Kxc4 39. h3
Kd4 40. a4 Ke4 41. Ke2 b6 42. b3 a6 43. h4 h5 0-1

[Event "CN Seniori 2012"]
[Site "Sarata Monteoru/Romania"]
[Date "2012.02.14"]
[Round "2.57"]
[White "Tiron, Calin-Andrei"]
[Black "Puscas, Filip-Andrei"]
[Result "1-0"]
[WhiteElo "1856"]
[BlackElo "1420"]
[PlyCount "37"]
[EventDate "2012.??.??"]

1. e4 e5 2. Nf3 Nc6 3. Bb5 Bc5 4. O-O Nf6 5. Nxe5 Nxe5 6. d4 c6 7. dxe5 Nxe4 8.
Bd3 Nxf2 9. Rxf2 Bxf2+ 10. Kxf2 Qb6+ 11. Kf1 O-O 12. Qh5 h6 13. Bxh6 gxh6 14.
Qxh6 f5 15. Bc4+ d5 16. exd6+ Rf7 17. Qg6+ Kh8 18. Bxf7 Qb5+ 19. c4 1-0

[Event "CN Seniori 2012"]
[Site "Sarata Monteoru/Romania"]
[Date "2012.02.15"]
[Round "3.1"]
[White "Dragomirescu, Robin-Alexandru"]
[Black "Parligras, Mircea-Emilian"]
[Result "1-0"]
[WhiteElo "2340"]
[BlackElo "2650"]
[PlyCount "77"]
[EventDate "2012.??.??"]
[TimeControl "40/5400+30:900+30"]

1. e4 c6 2. d4 d5 3. Nc3 dxe4 4. Nxe4 Bf5 5. Ng3 Bg6 6. h4 h6 7. Nf3 Nd7 8. h5
Bh7 9. Bd3 Bxd3 10. Qxd3 e6 11. Bf4 Qa5+ 12. Bd2 Bb4 13. c3 Be7 14. c4 Qc7 15.
d5 cxd5 16. cxd5 Qd6 17. Qe2 Qxd5 18. Rd1 Qxa2 19. Ne5 Nxe5 20. Qxe5 Qa6 21.
Qxg7 Bf6 22. Qg4 Rd8 23. Ne4 Bxb2 24. Rh3 Ne7 25. Bc3 Rxd1+ 26. Qxd1 Bxc3+ 27.
Rxc3 Qa5 28. Kf1 Kf8 29. Kg1 Qd5 30. Qf3 f5 31. Rd3 Qa5 32. Rd7 Rg8 33. Nd6 Rg5
34. g3 Qb6 35. Qc3 Rg7 36. Rxe7 Qb1+ 37. Kh2 Kxe7 38. Qc7+ Kf6 39. Ne8+ 1-0

[Event "CN Seniori 2012"]
[Site "Sarata Monteoru/Romania"]
[Date "2012.02.15"]
[Round "3.2"]
[White "Lupulescu, Constantin"]
[Black "Posedaru, Bogdan"]
[Result "1-0"]
[WhiteElo "2648"]
[BlackElo "2337"]
[PlyCount "55"]
[EventDate "2012.??.??"]
[TimeControl "40/5400+30:900+30"]

1. c4 e6 2. Nf3 d5 3. g3 Nf6 4. Bg2 c6 5. Qc2 Nbd7 6. O-O Be7 7. b3 O-O 8. Bb2
b6 9. d4 Bb7 10. Nc3 Qc7 11. Rfd1 Rfd8 12. e3 Rac8 13. Ne1 Qb8 14. Qe2 Ba6 15.
e4 dxc4 16. e5 Nd5 17. bxc4 Nf8 18. Nc2 Ng6 19. a4 Qc7 20. Be4 Bf8 21. h4 Nxc3
22. Bxc3 c5 23. d5 exd5 24. Bxd5 Re8 25. f4 Qd7 26. h5 Nh8 27. Ne3 Rcd8 28. Qf3
1-0

[Event "CN Seniori 2012"]
[Site "Sarata Monteoru/Romania"]
[Date "2012.02.15"]
[Round "3.3"]
[White "Stanciu, Alexandru-Ovidiu"]
[Black "Vajda, Levente"]
[Result "0-1"]
[WhiteElo "2314"]
[BlackElo "2594"]
[PlyCount "113"]
[EventDate "2012.??.??"]
[TimeControl "40/5400+30:900+30"]

1. c4 Nf6 2. Nc3 c5 3. g3 e6 4. Nf3 b6 5. Bg2 Bb7 6. O-O Be7 7. Re1 d5 8. cxd5
exd5 9. d4 O-O 10. Bf4 Nc6 11. Rc1 c4 12. Ne5 Na5 13. h4 a6 14. g4 b5 15. g5
Ne4 16. Nxe4 dxe4 17. Qd2 f6 18. gxf6 Bxf6 19. h5 Nc6 20. Nxc6 Bxc6 21. Red1
Bd5 22. Rc3 Ra7 23. Rh3 Raf7 24. e3 Bg5 25. Bg3 a5 26. Qc2 Qe7 27. Rd2 b4 28.
Be5 Bh4 29. Bxe4 Bxe4 30. Qxe4 c3 31. bxc3 bxc3 32. Rc2 Bxf2+ 33. Kh1 Be1 34.
Qd5 Bd2 35. h6 Rd8 36. Qc4 Qb7+ 37. Kh2 Qe4 38. Rg3 g6 39. Qb3 Qh4+ 40. Kg1 a4
41. Qxa4 Qxh6 42. Qc4 Qh5 43. Qb3 Re8 44. a4 Qd1+ 45. Kh2 Qe2+ 46. Kh3 Qf1+ 47.
Kh2 Rxe5 48. dxe5 Kg7 49. Qd5 Qe2+ 50. Kh3 Rf5 51. Qd7+ Kh6 52. Qxf5 gxf5 53.
e6 Qh5+ 54. Kg2 Qe8 55. Ra2 Qxe6 56. Ra1 Qe4+ 57. Kh2 0-1

[Event "CN Seniori 2012"]
[Site "Sarata Monteoru/Romania"]
[Date "2012.02.15"]
[Round "3.4"]
[White "Szabo, Gergely-Andras-Gyul"]
[Black "Voiteanu, Gabriel"]
[Result "1-0"]
[WhiteElo "2554"]
[BlackElo "2304"]
[PlyCount "95"]
[EventDate "2012.??.??"]
[TimeControl "40/5400+30:900+30"]

1. Nf3 Nf6 2. c4 g6 3. Nc3 d5 4. cxd5 Nxd5 5. Qa4+ Bd7 6. Qh4 Bc6 7. Qd4 f6 8.
e4 Nxc3 9. bxc3 Qxd4 10. Nxd4 e5 11. Nxc6 Nxc6 12. Rb1 O-O-O 13. Bc4 Na5 14.
Be6+ Kb8 15. a4 Rd6 16. Bd5 b6 17. h4 c6 18. Ba2 Nb7 19. d4 exd4 20. Bf4 dxc3
21. Rh3 Nc5 22. Rxc3 Nxe4 23. Rxc6 Kb7 24. Rc4 f5 25. Rxe4 fxe4 26. Be5 e3 27.
fxe3 Rd3 28. Bxh8 Rxe3+ 29. Kf1 Bc5 30. Bd5+ Ka6 31. Rb3 Re8 32. Bb2 Be7 33. g3
Rd8 34. Bc4+ Ka5 35. Bb5 Bb4 36. Ke2 a6 37. Bxa6 Re8+ 38. Kf3 Rf8+ 39. Kg2 Kxa4
40. Rf3 Rd8 41. Bc3 Bxc3 42. Rxc3 b5 43. Rc7 Ka5 44. Bb7 b4 45. Rxh7 b3 46. Be4
Rd6 47. Rg7 b2 48. Rb7 1-0